| 000 | 00493nam a2200157Ia 4500 | ||
|---|---|---|---|
| 008 | 100122s9999 xx 000 0 und d | ||
| 082 |
_b58628 _a573.4 |
||
| 100 | _aफतेहअली | ||
| 245 | _aआपले पर्यावरण | ||
| 260 |
_bनॅशनल बुक ट्रस्ट _c2000 |
||
| 300 | _a92 | ||
| 630 | _aआपले पर्यावरण | ||
| 700 | _aसोवनी रा वि | ||
| 730 | _aआपले पर्यावरण | ||
| 942 | _cBOOK | ||
| 999 |
_c434471 _d434468 |
||